Normal view
MARC view
- Díez Gutiérrez, Enrique Javier,
Entry Nombre Personal
001 - NUMERO DE CONTROL
- campo de control: 34237
003 - IDENTIFICADOR DE NUMERO DE CONTROL
- campo de control: UPN
005 - FECHA Y HORA DE LA ÜLTIMA TRANSACCIÓN
- campo de control: 20220927114931.0
008 - DATOS DE LONGITUD FIJA
- campo de control de longitud fija: nabaccnnaabn|||||||||| b |nc|||||d
024 7# - OTROS IDENTIFICADORES NORMALIZADOS
- Fuente: orcid
- Número normalizado o código: 0000-0003-3399-5318
035 ## - NUMERO DE CONTROL
- Número de control: UPN11000006344
040 ## - FUENTE DE CATALOGACIÓN
- Lenguaje de catalogación: SPA
- Agencia original de catalogación: MX-MxUPN
100 1# - ENCABEZAMIENTO - NOMBRE PERSONAL
- Nombre personal: Díez Gutiérrez, Enrique Javier,
- Fechas asociadas con el nombre: 1962-
370 ## - LUGAR ASOCIADO
- Associated country: España
371 ## - DIRECCIÓN
- Electronic mail address: enrique.diez@unileon.es
372 ## - CAMPO DE ACTIVIDAD
- Field of activity: Ciencias de la Educación.
- Field of activity: Organización educativa. Educación intercultural, Género y Política educativa
373 ## - GRUPO ASOCIADO
- Associated group: Universidad de León. Facultad de Educación.
374 ## - OCUPACIÓN
- Occupation: Profesor - Investigador universitario
- Occupation: Ensayista; autor de libros y artículos.
670 ## - FUENTE EN LA QUE SE LOCALIZARON DATOS
- Cita de la fuente: En sitio web: Universidad de León
- Información localizada: (Enrique Javier Díez Gutiérrez)
- Uniform Resource Identifier: http://educar.unileon.es/#
680 ## - NOTA PUBLICA DE ACCESO PÚBLICO
- Frase explicativa de la referencia: Doctor en ciencias de la educación español
902 ## - CATALOGADOR
- Catalogador: BLSM/270922
